| 000 | 00649nam a2200205 i 4500 | ||
|---|---|---|---|
| 001 | 29819 | ||
| 003 | ES-MaACL | ||
| 005 | 20250630152925.0 | ||
| 007 | t| | ||
| 008 | 030123s1918 sp |||| |bspa d | ||
| 100 | 1 |
_aBaroja, Pío, _d1872-1956 _925752 |
|
| 245 | 1 | 4 |
_aLas horas solitarias _b: (notas de un aprendiz de psicólogo) / _cPío Baroja. |
| 260 |
_aMadrid : _bRafael Caro Raggio, _c1918. |
||
| 300 |
_a413 p. ; _c18 cm. |
||
| 530 | _aDisponible en formato digital. | ||
| 852 |
_aES-MaACL _jB-6047 _cSPB |
||
| 856 |
_uhttps://archive.org/details/lashorassolitari00baro/page/n10 _yInternet Archive |
||
| 942 | _2udc | ||
| 999 |
_c29819 _d29819 |
||